[Event "25th European Teams"]
[Site "Batumi GEO"]
[Date "2025.10.07"]
[Round "3.14"]
[Board "4"]
[White "Baltag, Iulian"]
[Black "Ochsner, Bjorn Moller"]
[Result "1-0"]
[WhiteTitle "IM"]
[BlackTitle "GM"]
[WhiteElo "2394"]
[BlackElo "2461"]
[WhiteTeam "Moldova"]
[BlackTeam "Denmark"]
[WhiteFideId "13901419"]
[BlackFideId "1416928"]
[EventDate "2025.10.05"]

1. e4 c5 2. Nf3 d6 3. d4 cxd4 4. Nxd4 Nf6 5. Nc3 Nc6 6. Bg5 e6 7. Qd3 Be7 8. h4
O-O 9. O-O-O Ne5 10. Qg3 Nh5 11. Qh2 Nf6 12. Be2 Qc7 13. Qg3 Kh8 14. f4 Ned7 15.
Qe3 a6 16. Bf3 Nb6 17. Rhe1 Rd8 18. g4 Rb8 19. Be2 Bd7 20. h5 e5 21. Nf5 Bxf5
22. gxf5 h6 23. Rg1 hxg5 24. fxg5 Nh7 25. g6 Qc5 26. Qd2 Qd4 27. Bd3 Ng5 28.
Rxg5 Nc4 29. Bxc4 Qxd2+ 30. Kxd2 Bxg5+ 31. Ke2 f6 32. Be6 b5 33. Nd5 Rb7 34. Rd3
b4 35. Rh3 Bh6 36. Kd3 Rdb8 37. b3 a5 38. Rh1 Ra7 39. a4 Rab7 40. c3 bxc3 41.
Nxc3 Rc7 42. Bc4 Rc5 43. Rd1 Rb6 44. Ke2 Bg5 45. Nb5 Rcc6 46. Na3 Rc5 47. Bb5
Rc3 48. Nc4 Rb8 49. Nxd6 Kg8 50. Bc4+ Kf8 51. Nf7 Re3+ 52. Kf2 Bf4 53. h6 gxh6
54. Rd7 Rbxb3 55. Bxb3 Rxb3 56. Nd8 Rb2+ 57. Kf1 Rb1+ 58. Ke2 Rb2+ 59. Kd1 Rb1+
60. Kc2 Rc1+ 61. Kb2 Rc8 62. Ne6+ Kg8 63. Rg7+ Kh8 64. Rf7 Bg5 65. Rf8+ 1-0

[Event "25th European Teams"]
[Site "Batumi GEO"]
[Date "2025.10.07"]
[Round "3.15"]
[Board "1"]
[White "Petrov, Martin"]
[Black "Dardha, Daniel"]
[Result "1/2-1/2"]
[WhiteTitle "GM"]
[BlackTitle "GM"]
[WhiteElo "2540"]
[BlackElo "2605"]
[WhiteTeam "Bulgaria"]
[BlackTeam "Belgium"]
[WhiteFideId "2911086"]
[BlackFideId "240990"]
[EventDate "2025.10.05"]

1. d4 Nf6 2. Nf3 b6 3. g3 Bb7 4. c4 g6 5. Nc3 e6 6. Bg2 Bg7 7. d5 exd5 8. cxd5
O-O 9. O-O Re8 10. Bf4 Na6 11. d6 c6 12. h4 Nc5 13. Be5 a5 14. Qc2 Rc8 15. a3
Nd5 16. Bxg7 Kxg7 17. b4 axb4 18. axb4 Na6 19. Nxd5 cxd5 20. Qd3 Qf6 21. Rxa6
Rc3 22. Qb5 Bxa6 23. Qxa6 Qxd6 24. Rb1 d4 25. Rd1 d3 26. Qa1 Qf6 27. e3 Rec8 28.
Nd4 R3c4 29. b5 Kg8 30. Be4 Rc2 31. Nxc2 dxc2 32. Bxc2 Qxa1 33. Rxa1 Rxc2 34.
Ra6 Rb2 35. Rxb6 h5 36. e4 Rb4 37. e5 Kf8 38. Rb8+ Kg7 39. b6 Rb5 40. b7 Rb1+
41. Kg2 Rb3 42. Kf1 Rb5 43. f3 Rb2 44. Ke1 Rb6 45. Kd2 d6 46. f4 dxe5 47. fxe5
Rb5 48. Kc3 Rb1 49. Kc4 Rb2 50. Kc5 Rb1 51. Kc6 Rc1+ 52. Kd6 Rb1 53. Kc6 Rc1+
54. Kd6 Rb1 55. e6 fxe6 56. Kxe6 Re1+ 57. Kd6 Rd1+ 1/2-1/2

[Event "25th European Teams"]
[Site "Batumi GEO"]
[Date "2025.10.07"]
[Round "3.15"]
[Board "2"]
[White "Maerevoet, Sim"]
[Black "Petkov, Momchil"]
[Result "1/2-1/2"]
[WhiteTitle "IM"]
[BlackTitle "GM"]
[WhiteElo "2426"]
[BlackElo "2509"]
[WhiteTeam "Belgium"]
[BlackTeam "Bulgaria"]
[WhiteFideId "241725"]
[BlackFideId "2921642"]
[EventDate "2025.10.05"]

1. e4 c5 2. Nf3 e6 3. Be2 Nc6 4. O-O Nf6 5. e5 Ng4 6. b4 d6 7. d4 cxd4 8. exd6
Bxd6 9. b5 Ne7 10. h3 Nf6 11. Qxd4 Nf5 12. Qb2 Qc7 13. Bd3 O-O 14. Nc3 h6 15.
Bd2 e5 16. Rfe1 Be6 17. a4 Nd7 18. Ne4 Be7 19. a5 f6 20. Bb4 Nc5 21. Nxc5 Bxc5
22. Ra3 Bxb4 23. Qxb4 Qd6 24. Rb1 Qxb4 25. Rxb4 Nd6 26. Nd2 Rac8 27. f4 exf4 28.
Rxf4 Rfd8 29. Nf3 Nc4 30. Bxc4 Rxc4 31. Rxc4 Bxc4 32. b6 axb6 33. axb6 Rd6 34.
Ra4 Be6 35. Rb4 Kf7 36. Kf2 Rc6 37. Nd4 Rc3 1/2-1/2

[Event "25th European Teams"]
[Site "Batumi GEO"]
[Date "2025.10.07"]
[Round "3.15"]
[Board "3"]
[White "Dimitrov, Radoslav"]
[Black "Glek, Igor"]
[Result "1-0"]
[WhiteTitle "GM"]
[BlackTitle "GM"]
[WhiteElo "2496"]
[BlackElo "2432"]
[WhiteTeam "Bulgaria"]
[BlackTeam "Belgium"]
[WhiteFideId "2908549"]
[BlackFideId "4100484"]
[EventDate "2025.10.05"]

1. d4 e6 2. e4 d5 3. Bd3 dxe4 4. Bxe4 Nf6 5. Bf3 Nbd7 6. Ne2 e5 7. Nbc3 Bd6 8.
Bg5 h6 9. Bxf6 Nxf6 10. dxe5 Bxe5 11. Qxd8+ Kxd8 12. O-O-O+ Ke7 13. Rhe1 Re8 14.
Nf4 Kf8 15. Nd3 Bxc3 16. bxc3 Rxe1 17. Rxe1 Rb8 18. Kd2 a5 19. c4 Be6 20. Kc3 b6
21. Nf4 Bd7 22. c5 Re8 23. Rxe8+ Bxe8 24. Kd4 Ke7 25. c4 Kd8 26. h4 Ba4 27. Nd3
Nd7 28. cxb6 cxb6 29. Bd5 Bc2 30. Ne1 Bg6 31. g4 f6 32. f4 Bb1 33. a3 g5 34.
fxg5 fxg5 35. hxg5 hxg5 36. Be4 Ba2 37. Nf3 Nf6 38. Bf5 Bb3 39. Nxg5 Ke7 40. Ne4
Ne8 41. Nc3 Kd6 42. Nd5 b5 43. c5+ Kc6 44. Be4 Kd7 45. Ke5 Ng7 46. Nc3 Bc4 47.
Bd5 Bxd5 48. Kxd5 b4 49. c6+ Ke7 50. Nb5 b3 51. Kc4 b2 52. Nc3 Kd6 53. Kb3 Ne6
54. Kxb2 Kxc6 55. Kb3 Kc5 56. Nd1 Kd4 57. Ka4 Ke4 58. Kxa5 Kf3 59. Kb6 Kxg4 60.
a4 Kf5 61. a5 Ke5 62. a6 Kd6 63. a7 Nc7 64. Nc3 Kd7 65. Kb7 Kd8 66. Nd5 Na8 67.
Nb6 Nc7 68. Kc6 1-0

[Event "25th European Teams"]
[Site "Batumi GEO"]
[Date "2025.10.07"]
[Round "3.15"]
[Board "4"]
[White "Lenaerts, Lennert"]
[Black "Georgiev, Kiril"]
[Result "0-1"]
[WhiteTitle "FM"]
[BlackTitle "GM"]
[WhiteElo "2355"]
[BlackElo "2526"]
[WhiteTeam "Belgium"]
[BlackTeam "Bulgaria"]
[WhiteFideId "211435"]
[BlackFideId "2900017"]
[EventDate "2025.10.05"]

1. e4 e5 2. Nf3 Nc6 3. Bc4 Bc5 4. Nc3 Nf6 5. d3 h6 6. h3 d6 7. Na4 Bb4+ 8. c3
Ba5 9. b4 Bb6 10. Nxb6 axb6 11. a4 O-O 12. O-O Re8 13. Re1 Be6 14. Bxe6 Rxe6 15.
b5 Ne7 16. c4 Ng6 17. Kh2 Nd7 18. Bb2 Nh4 19. Nxh4 Qxh4 20. g3 Qg5 21. Rf1 f5
22. f4 exf4 23. gxf4 Qh4 24. Qf3 fxe4 25. dxe4 Rf8 26. Rg1 Rxf4 27. Rxg7+ Kf8
28. Qg2 Nf6 29. Rg3 Nxe4 30. Rg8+ Ke7 31. Rf1 Ng5 32. Bc1 Rxf1 33. Qxf1 Nf7 34.
Rg4 Qe1 35. Kg1 Qc3 36. Rf4 Ng5 0-1

[Event "25th European Teams"]
[Site "Batumi GEO"]
[Date "2025.10.07"]
[Round "3.16"]
[Board "1"]
[White "Bogner, Sebastian"]
[Black "Keinanen, Toivo"]
[Result "1/2-1/2"]
[WhiteTitle "GM"]
[BlackTitle "IM"]
[WhiteElo "2555"]
[BlackElo "2503"]
[WhiteTeam "Switzerland"]
[BlackTeam "Finland"]
[WhiteFideId "4692055"]
[BlackFideId "509825"]
[EventDate "2025.10.05"]

1. d4 e6 2. c4 Bb4+ 3. Bd2 Bxd2+ 4. Qxd2 Nf6 5. g3 d5 6. Bg2 O-O 7. Nf3 c6 8.
O-O dxc4 9. Ne5 b5 10. a4 Nd5 11. e4 Nb6 12. Nc3 a6 13. f4 Bb7 14. Qe3 N8d7 15.
Nxd7 Nxd7 16. e5 Nb6 17. Ne4 c5 18. dxc5 Bxe4 19. cxb6 Bxg2 20. Kxg2 Qd5+ 21.
Qf3 bxa4 22. Qxd5 exd5 23. Rxa4 Rfb8 24. Rd1 Rxb6 25. Rxd5 Rxb2+ 26. Kh3 g6 27.
Rxc4 Rb7 28. Ra5 Rb5 29. Rca4 Rxa5 30. Rxa5 f6 31. e6 f5 32. g4 fxg4+ 33. Kxg4
Kg7 34. e7 Kf7 35. Kg5 h6+ 36. Kg4 Kxe7 37. h4 Kf6 38. h5 Ra7 39. Kh4 Ra8 40.
Kg4 Kg7 41. hxg6 Kxg6 42. Kh4 Kf7 43. Kh5 Kf6 44. Kg4 Kf7 45. Kh5 Kg7 46. Kg4
Kg6 47. Kh4 Kh7 48. Kh5 Ra7 49. Kh4 Kg6 50. Kg4 Ra8 1/2-1/2

[Event "25th European Teams"]
[Site "Batumi GEO"]
[Date "2025.10.07"]
[Round "3.16"]
[Board "2"]
[White "Sipila, Vilka"]
[Black "Peng, Li Min"]
[Result "1/2-1/2"]
[WhiteTitle "IM"]
[BlackTitle "GM"]
[WhiteElo "2487"]
[BlackElo "2498"]
[WhiteTeam "Finland"]
[BlackTeam "Switzerland"]
[WhiteFideId "505455"]
[BlackFideId "14112620"]
[EventDate "2025.10.05"]

1. d4 Nf6 2. c4 c5 3. d5 b5 4. cxb5 a6 5. e3 axb5 6. Bxb5 Qa5+ 7. Nc3 Bb7 8. Bd2
Qb6 9. a4 Nxd5 10. Nf3 e6 11. e4 Nb4 12. Ne5 N8c6 13. Bf4 Nxe5 14. Bxe5 Nc6 15.
Bxc6 Qxc6 16. O-O d6 17. Bf4 Be7 18. Rc1 O-O 19. b4 Rfd8 20. Qg4 f5 21. exf5
exf5 22. Qg3 Bf6 23. b5 Qb6 24. Bg5 Bxg5 25. Qxg5 d5 26. Rfe1 d4 27. Re7 Qg6 28.
Qxg6 hxg6 29. Rxb7 dxc3 30. g3 Rd3 31. Rc7 Rxa4 32. Rxc5 Rb4 33. Kg2 Rb2 34.
R1xc3 Rxc3 35. Rxc3 Rxb5 1/2-1/2

[Event "25th European Teams"]
[Site "Batumi GEO"]
[Date "2025.10.07"]
[Round "3.16"]
[Board "3"]
[White "Baenziger, Fabian"]
[Black "Sammalvuo, Tapani"]
[Result "1/2-1/2"]
[WhiteTitle "IM"]
[BlackTitle "IM"]
[WhiteElo "2439"]
[BlackElo "2376"]
[WhiteTeam "Switzerland"]
[BlackTeam "Finland"]
[WhiteFideId "1330110"]
[BlackFideId "501115"]
[EventDate "2025.10.05"]

1. Nf3 Nf6 2. c4 e6 3. Nc3 d5 4. d4 c5 5. cxd5 cxd4 6. Qxd4 exd5 7. Bg5 Be7 8.
e3 O-O 9. Rd1 Be6 10. Be2 h6 11. Bh4 Nc6 12. Qd3 Qb6 13. Qb5 Qxb5 14. Nxb5 Bb4+
15. Kf1 g5 16. Bg3 Ne4 17. Nfd4 Rac8 18. f3 Nxd4 19. Nxd4 Nxg3+ 20. hxg3 Kg7 21.
Kf2 Rfe8 22. Bb5 Re7 23. Ba4 Bc5 24. Bb3 Bb6 25. g4 a6 26. Rd3 Rce8 27. Rhd1 Rh8
28. Bxd5 Bc8 29. Rc1 Rc7 30. Rxc7 Bxc7 31. Be4 Be5 32. b3 Kf6 33. Ne2 b6 34. Nc3
Be6 35. Bb7 a5 36. Ke2 h5 37. Ne4+ Kg6 38. gxh5+ Rxh5 39. Rd8 f5 40. Nd2 Rh8 41.
Rd3 Rh2 42. Kf2 Rh7 43. Bd5 Bc8 44. Nc4 Bc7 45. Rc3 Bd7 46. e4 f4 47. a4 1/2-1/2

[Event "25th European Teams"]
[Site "Batumi GEO"]
[Date "2025.10.07"]
[Round "3.16"]
[Board "4"]
[White "Wartiovaara, Oliver"]
[Black "Fecker, Noah"]
[Result "0-1"]
[WhiteTitle "FM"]
[BlackTitle "FM"]
[WhiteElo "2309"]
[BlackElo "2364"]
[WhiteTeam "Finland"]
[BlackTeam "Switzerland"]
[WhiteFideId "513024"]
[BlackFideId "1334263"]
[EventDate "2025.10.05"]

1. e4 c6 2. d4 d5 3. e5 Bf5 4. Nf3 e6 5. Be2 h6 6. O-O Ne7 7. c3 Nd7 8. Na3 Bh7
9. Nc2 Nc8 10. Ne3 Be7 11. Ne1 O-O 12. Bd3 f6 13. Qg4 f5 14. Qh3 Rf7 15. g4 f4
16. N3g2 g5 17. Qxh6 Nf8 18. Qh3 Be4 19. Bxe4 dxe4 20. c4 Qxd4 21. Qc3 Qxc3 22.
bxc3 Nb6 23. Rb1 Bc5 24. Nc2 Nxc4 25. Nge1 Nxe5 26. Kg2 Nfg6 27. Nd4 Bxd4 28.
cxd4 Nxg4 29. f3 Nf6 30. fxe4 Nxe4 31. Nf3 g4 32. Ne5 f3+ 33. Kg1 Nxe5 34. dxe5
g3 35. Rb4 g2 0-1

[Event "25th European Teams"]
[Site "Batumi GEO"]
[Date "2025.10.07"]
[Round "3.17"]
[Board "1"]
[White "Saraci, Nderim"]
[Black "Stefansson, Vignir Vatnar"]
[Result "1-0"]
[WhiteTitle "IM"]
[BlackTitle "GM"]
[WhiteElo "2445"]
[BlackElo "2506"]
[WhiteTeam "Kosovo"]
[BlackTeam "Iceland"]
[WhiteFideId "6351921"]
[BlackFideId "2308649"]
[EventDate "2025.10.05"]

1. e4 e6 2. d4 d5 3. Nc3 Be7 4. Nf3 Nf6 5. Bd3 c5 6. exd5 exd5 7. dxc5 Bxc5 8.
O-O O-O 9. a3 Nc6 10. Bg5 Be6 11. b4 Be7 12. Nb5 Bg4 13. Be2 h6 14. Be3 Ne4 15.
Nd2 Bf5 16. Nxe4 Bxe4 17. Rc1 Bg5 18. Bxg5 Qxg5 19. f3 Qe3+ 20. Kh1 Bg6 21. Re1
Rad8 22. Bd3 Qb6 23. Bxg6 Qxb5 24. Bd3 Qb6 25. Qd2 Rfe8 26. h3 Qc7 27. Bb5 Rxe1+
28. Rxe1 Ne7 29. Bd3 d4 30. Qe2 Kf8 31. Qe4 Ng6 32. Qf5 b6 33. Re4 Kg8 34. h4
Nf8 35. Re5 g6 36. Qe4 h5 37. f4 Rd6 38. f5 Kg7 39. fxg6 Nxg6 40. Rxh5 Qd8 41.
Rg5 Re6 42. Qf4 Qf6 43. Qxf6+ Kxf6 44. Rg4 Rd6 45. h5 Ne5 46. Rg8 Nxd3 47. cxd3
Ke5 48. Kh2 Rh6 49. g4 Kf4 50. Kh3 Re6 51. Rg7 f6 52. Rg6 Re3+ 53. Kh4 Ke5 54.
h6 Re1 55. Kg3 Re3+ 56. Kg2 Re2+ 57. Kg1 Kf4 58. Rxf6+ Kxg4 59. Rg6+ Kf5 60. h7
Re1+ 61. Kh2 Re2+ 62. Rg2 1-0

[Event "25th European Teams"]
[Site "Batumi GEO"]
[Date "2025.10.07"]
[Round "3.17"]
[Board "2"]
[White "Kjartansson, Gudmundur"]
[Black "Uruci, Endrit"]
[Result "1/2-1/2"]
[WhiteTitle "GM"]
[BlackTitle "FM"]
[WhiteElo "2422"]
[BlackElo "2347"]
[WhiteTeam "Iceland"]
[BlackTeam "Kosovo"]
[WhiteFideId "2301318"]
[BlackFideId "22100199"]
[EventDate "2025.10.05"]

1. e4 c6 2. Nf3 d5 3. d3 dxe4 4. dxe4 Qxd1+ 5. Kxd1 f6 6. Be3 e5 7. a4 Nh6 8. h3
Be6 9. Ne1 Nd7 10. Nd3 Nf7 11. a5 a6 12. Nd2 Nd6 13. c3 Nc4 14. Nxc4 Bxc4 15.
Kc2 Bxd3+ 16. Bxd3 Bc5 17. Rhe1 Bxe3 18. Rxe3 Nc5 19. Bc4 Ke7 20. h4 Rhd8 21. g3
Rd6 22. b4 Ne6 23. Rd3 Rxd3 24. Kxd3 Nc7 25. Kc2 Nb5 26. Be2 Rd8 27. Rd1 Rxd1
28. Bxd1 Nd6 29. Kd3 g6 30. Bb3 h6 31. f4 Kd7 32. fxe5 fxe5 33. Bd1 Ne8 34. Bg4+
Kd6 35. Bc8 Kc7 36. Be6 Nf6 37. Ke3 g5 38. hxg5 hxg5 39. c4 Ne8 40. Kf3 Nf6 41.
Ke3 Kd8 42. Kf3 Kc7 43. Bf5 Kb8 44. Be6 Kc7 45. Bf5 Kb8 46. Be6 1/2-1/2

[Event "25th European Teams"]
[Site "Batumi GEO"]
[Date "2025.10.07"]
[Round "3.17"]
[Board "3"]
[White "Asllani, Muhamet"]
[Black "Ragnarsson, Dagur"]
[Result "1/2-1/2"]
[WhiteTitle "CM"]
[BlackTitle "IM"]
[WhiteElo "2251"]
[BlackElo "2385"]
[WhiteTeam "Kosovo"]
[BlackTeam "Iceland"]
[WhiteFideId "22100300"]
[BlackFideId "2304058"]
[EventDate "2025.10.05"]

1. d4 d5 2. c4 e6 3. Nc3 Nf6 4. Bg5 Be7 5. e3 c6 6. Nf3 Nbd7 7. Bd3 h6 8. Bh4
dxc4 9. Bxc4 b5 10. Be2 O-O 11. O-O Bb7 12. Qb3 a6 13. Rfd1 c5 14. dxc5 Qe8 15.
Qc2 Nxc5 16. Bxf6 gxf6 17. b4 Na4 18. Nxa4 bxa4 19. Qc7 Bxf3 20. gxf3 f5 21. Kh1
Bf6 22. Qf4 Kh7 23. Rac1 Qb8 24. Qc4 Qb7 25. a3 Rfc8 26. Qf4 Rxc1 27. Rxc1 Rc8
28. Rc5 Be7 29. Rxc8 Qxc8 30. Qc4 Qxc4 31. Bxc4 Bf6 1/2-1/2

[Event "25th European Teams"]
[Site "Batumi GEO"]
[Date "2025.10.07"]
[Round "3.17"]
[Board "4"]
[White "Domalchuk-Jonasson, Aleksandr"]
[Black "Krasniqi, Alban"]
[Result "1-0"]
[WhiteTitle "IM"]
[WhiteElo "2373"]
[BlackElo "2131"]
[WhiteTeam "Iceland"]
[BlackTeam "Kosovo"]
[WhiteFideId "14142805"]
[BlackFideId "22101381"]
[EventDate "2025.10.05"]

1. e4 c6 2. d4 d5 3. exd5 cxd5 4. Bd3 Nc6 5. c3 Qc7 6. h3 g6 7. Nf3 Bf5 8. Bxf5
gxf5 9. Bg5 e6 10. O-O Be7 11. Qd2 Bxg5 12. Qxg5 Nge7 13. Qf6 Ng6 14. Nbd2 Qe7
15. Qxe7+ Kxe7 16. Nb3 Rhg8 17. Kh2 Nf4 18. g3 Nh5 19. Nc5 Nf6 20. Rae1 Ne4 21.
Nxe4 fxe4 22. Nh4 Na5 23. f3 f5 24. g4 Rgf8 25. gxf5 exf5 26. Rg1 Rf7 27. Rg5
Raf8 28. b3 b5 29. Rh5 Ke6 30. Rh6+ Kd7 31. Rh5 Nb7 32. fxe4 dxe4 33. c4 bxc4
34. bxc4 Nd6 35. c5 Nb5 36. Rh6 Rf6 37. Rxh7+ Kc6 38. Kg2 Nxd4 39. Rxa7 Kd5 40.
Rd7+ Ke5 41. Rd1 Ne6 42. Kf2 Ra8 43. R1d2 Nf4 44. Kf1 Rfa6 45. Rf7 e3 46. Nf3+
Ke6 47. Ng5+ Ke5 48. Nf3+ Ke4 49. Rd4+ Kxf3 50. Rxf5 e2+ 51. Ke1 Rxa2 52. Rdxf4+
Ke3 53. Rf3+ Ke4 54. R3f4+ Ke3 55. Rf3+ Ke4 56. R5f4+ Ke5 57. Rf7 Ke4 58. R7f4+
Ke5 59. Rf8 Ke4 60. R3f4+ Ke3 61. Rf3+ Ke4 62. Rxa8 Rxa8 63. Rc3 Rc8 64. c6 Kd5
65. h4 Kd4 66. Rc2 Kd3 67. Rd2+ Ke3 68. Rxe2+ Kd3 69. Re6 Kc4 70. Kf2 Kb5 71.
Kg3 Rg8+ 72. Kf4 Kb6 73. h5 Rg1 74. h6 Kc7 75. Kf5 Rg2 1-0

[Event "25th European Teams"]
[Site "Batumi GEO"]
[Date "2025.10.07"]
[Round "3.18"]
[Board "1"]
[White "Lortkipanidze, Nodar"]
[Black "Sousa, Andre Ventura"]
[Result "1-0"]
[WhiteTitle "IM"]
[BlackTitle "IM"]
[WhiteElo "2371"]
[BlackElo "2433"]
[WhiteTeam "Georgia 4"]
[BlackTeam "Portugal"]
[WhiteFideId "13604058"]
[BlackFideId "1917617"]
[EventDate "2025.10.05"]

1. e4 c6 2. Nc3 d5 3. d4 dxe4 4. Nxe4 Nf6 5. Nxf6+ exf6 6. c3 Bd6 7. Bd3 O-O 8.
Qc2 Re8+ 9. Ne2 h5 10. Be3 Nd7 11. O-O-O Nf8 12. c4 Be6 13. Nc3 Rc8 14. Kb1 Bb4
15. Ne2 b5 16. Nf4 bxc4 17. Bxc4 g6 18. Nxe6 Nxe6 19. g4 h4 20. f4 Kg7 21. Qf2
Nc7 22. d5 Nxd5 23. Bxd5 cxd5 24. Bd4 Re4 25. g5 Be7 26. Qxh4 Rc4 27. Rd3 Qc8
28. Rh3 1-0

[Event "25th European Teams"]
[Site "Batumi GEO"]
[Date "2025.10.07"]
[Round "3.18"]
[Board "2"]
[White "Barria, Jose"]
[Black "Makharadze, Jambul"]
[Result "0-1"]
[WhiteTitle "FM"]
[WhiteElo "2376"]
[BlackElo "2291"]
[WhiteTeam "Portugal"]
[BlackTeam "Georgia 4"]
[WhiteFideId "1939300"]
[BlackFideId "13601369"]
[EventDate "2025.10.05"]

1. d4 d5 2. c4 e6 3. Nf3 Nf6 4. Nc3 Be7 5. Bf4 O-O 6. e3 c5 7. dxc5 Bxc5 8. a3
Nc6 9. Qc2 Re8 10. O-O-O e5 11. Bg5 d4 12. Nd5 Be7 13. Nxe7+ Qxe7 14. exd4 Bg4
15. dxe5 Nxe5 16. Re1 Bxf3 17. gxf3 Qd6 18. Qc3 Rac8 19. Kb1 Nfd7 20. Bf4 Qf6
21. Re4 b5 22. Bh3 Rxc4 23. Rxc4 bxc4 24. Qd4 Nd3 25. Qxf6 Nxf6 26. Be3 Nd5 27.
Bd4 g6 28. Rd1 N5f4 29. Bf1 Rb8 30. Kc2 Rb3 31. Bc3 Rb5 32. Bxd3 cxd3+ 33. Kd2
Rh5 34. Re1 Ne6 35. Kxd3 Rxh2 36. Re5 h5 37. Ke3 g5 38. Ra5 Rh1 39. Rxa7 Rd1 40.
a4 h4 41. Ra8+ Kh7 42. Ke4 Ng7 43. Be5 h3 44. Bh2 Rh1 45. Bg3 Nh5 46. Bb8 Re1+
47. Kf5 Nf4 48. Be5 Rxe5+ 0-1

[Event "25th European Teams"]
[Site "Batumi GEO"]
[Date "2025.10.07"]
[Round "3.18"]
[Board "3"]
[White "Didmanidze, Tengiz"]
[Black "Martins, David Pires Tavares"]
[Result "0-1"]
[BlackTitle "IM"]
[WhiteElo "1995"]
[BlackElo "2430"]
[WhiteTeam "Georgia 4"]
[BlackTeam "Portugal"]
[WhiteFideId "13611410"]
[BlackFideId "1909991"]
[EventDate "2025.10.05"]

1. e4 c5 2. Nf3 e6 3. d4 cxd4 4. Nxd4 Nf6 5. Nc3 Nc6 6. Nxc6 bxc6 7. Bd3 e5 8.
O-O Bb4 9. Ne2 d5 10. exd5 cxd5 11. c4 O-O 12. cxd5 Qxd5 13. Qb3 Bb7 14. Qxd5
Nxd5 15. a3 Be7 16. Bd2 Rad8 17. Ba5 Rd6 18. Rfd1 Bd8 19. Be1 Bb6 20. Nc3 Rfd8
21. Nxd5 Bxd5 22. Be2 Rg6 23. g3 Rf6 24. Bf1 Bd4 25. Bg2 Bxg2 26. Kxg2 Rb8 27.
Rab1 Rb3 28. f4 h6 29. fxe5 Bxe5 30. Bf2 Rxb2 31. Rxb2 Bxb2 32. Bxa7 Bxa3 33.
Rd3 Ra6 34. Be3 Bb4 35. h4 Be7 36. Rb3 Rg6 37. Kf3 Bd6 38. Bf2 Kh7 39. Rd3 Rf6+
40. Kg2 Re6 41. Re3 Kg6 42. Rd3 h5 43. Kf3 f6 44. Re3 Be5 45. Rb3 Kf5 46. Rb7 g6
47. Rb3 Ra6 48. Rb4 Ra2 49. Rc4 Bd6 50. Rc6 Ra3+ 51. Kg2 Be5 52. Rc4 Ra2 53. Kf3
g5 54. hxg5 fxg5 55. Rc5 g4+ 56. Kg2 Ke4 57. Rc4+ Kd3 58. Rb4 Bc3 59. Rb1 Bd4
60. Rd1+ Kc3 61. Rc1+ Kb3 62. Rf1 Kc4 0-1

[Event "25th European Teams"]
[Site "Batumi GEO"]
[Date "2025.10.07"]
[Round "3.18"]
[Board "4"]
[White "Ribeiro, Gustavo"]
[Black "Gaprindashvili, Valeriane"]
[Result "0-1"]
[WhiteTitle "FM"]
[BlackTitle "GM"]
[WhiteElo "2245"]
[BlackElo "2347"]
[WhiteTeam "Portugal"]
[BlackTeam "Georgia 4"]
[WhiteFideId "1941852"]
[BlackFideId "13601091"]
[EventDate "2025.10.05"]

1. e4 e6 2. d4 d5 3. Nc3 dxe4 4. Nxe4 Nd7 5. Nf3 Ngf6 6. Nxf6+ Nxf6 7. c3 Bd6 8.
Bd3 c5 9. dxc5 Bxc5 10. Bf4 Nd5 11. Bg3 Bd6 12. Qc2 Qc7 13. O-O-O h6 14. Rhe1
Bxg3 15. hxg3 Bd7 16. Bg6 O-O 17. Bh7+ Kh8 18. Ne5 Be8 19. Bd3 Rc8 20. Bc4 Ne7
21. Qe4 Bc6 22. Qf4 Ng6 23. Nxg6+ fxg6 24. Qxc7 Rxc7 25. f4 Bxg2 26. Bxe6 Kh7
27. Bb3 Bh3 28. Re5 Bf5 29. Rd6 h5 30. Bd1 Rf6 31. Rd8 Re6 32. Rdd5 Rce7 33.
Rxe6 Rxe6 34. Ra5 Re3 35. Bxh5 b6 36. Rb5 Bd7 37. Rd5 Be6 38. Bxg6+ Kxg6 39.
Rg5+ Kf6 40. Kd2 Re4 41. b3 Bf5 42. c4 g6 43. Kc3 a5 44. Kd2 Rd4+ 45. Ke2 a4 0-1

[Event "25th European Teams"]
[Site "Batumi GEO"]
[Date "2025.10.07"]
[Round "3.19"]
[Board "1"]
[White "Kiladze, Luka"]
[Black "Waldhausen Gordon, Frederick"]
[Result "1/2-1/2"]
[WhiteTitle "FM"]
[BlackTitle "FM"]
[WhiteElo "2370"]
[BlackElo "2389"]
[WhiteTeam "Georgia 3"]
[BlackTeam "Scotland"]
[WhiteFideId "13623389"]
[BlackFideId "2409143"]
[EventDate "2025.10.05"]

1. e4 e5 2. Bc4 Nf6 3. Nc3 Bc5 4. d3 d6 5. Nf3 Be6 6. Bxe6 fxe6 7. Be3 Bxe3 8.
fxe3 Nc6 9. O-O O-O 10. Qe1 Qe8 11. Qg3 Qh5 12. Nb5 Qf7 13. Ng5 Qe7 14. Qh3 Rae8
15. Rf2 h6 16. Nf3 a6 17. Nc3 Qf7 18. Qg3 Nh5 19. Qg4 Nf6 20. Qg3 Nh5 21. Qg4
Nf6 22. Qg3 Nh5 23. Qg4 Nf6 24. Qg3 Nh5 1/2-1/2

[Event "25th European Teams"]
[Site "Batumi GEO"]
[Date "2025.10.07"]
[Round "3.19"]
[Board "2"]
[White "Muir, Andrew J"]
[Black "Nemsadze, Daviti"]
[Result "0-1"]
[WhiteTitle "IM"]
[BlackTitle "FM"]
[WhiteElo "2157"]
[BlackElo "2348"]
[WhiteTeam "Scotland"]
[BlackTeam "Georgia 3"]
[WhiteFideId "2400138"]
[BlackFideId "13619250"]
[EventDate "2025.10.05"]

1. d4 Nf6 2. c4 e6 3. Nc3 Bb4 4. f3 c5 5. d5 b5 6. e4 d6 7. Bd2 bxc4 8. Bxc4 O-O
9. Nge2 Ba6 10. Bxa6 Nxa6 11. O-O Nc7 12. dxe6 fxe6 13. a3 Ba5 14. Na4 Bb6 15.
b4 c4+ 16. Nxb6 axb6 17. a4 d5 18. Be3 Na6 19. Rb1 Qe7 20. Bg5 Nxb4 21. Qd2 Nd3
22. Rxb6 Rxa4 23. Rfb1 h6 24. Nc3 Ra3 25. Be3 dxe4 26. Nxe4 Nd5 27. Rb7 Qxb7 28.
Rxb7 Ra1+ 0-1

[Event "25th European Teams"]
[Site "Batumi GEO"]
[Date "2025.10.07"]
[Round "3.19"]
[Board "3"]
[White "Qalichava, Akaki"]
[Black "Mitchell, Martin"]
[Result "1-0"]
[WhiteTitle "FM"]
[WhiteElo "2333"]
[BlackElo "2117"]
[WhiteTeam "Georgia 3"]
[BlackTeam "Scotland"]
[WhiteFideId "13615408"]
[BlackFideId "2400634"]
[EventDate "2025.10.05"]

1. e4 d6 2. d4 Nf6 3. Nc3 g6 4. f4 Bg7 5. Nf3 c5 6. dxc5 Qa5 7. Qd4 O-O 8. Bd2
Nc6 9. Qc4 Be6 10. Qb5 Qc7 11. O-O-O dxc5 12. Qxc5 b6 13. Qa3 a6 14. e5 Nd5 15.
Nxd5 Bxd5 16. Kb1 Rfd8 17. Bd3 e6 18. c4 Bf8 19. Qb3 Bxf3 20. gxf3 Nd4 21. Qc3
a5 22. Be3 Bb4 23. Qc1 Bc5 24. Be4 Rac8 25. Rd2 Nc6 26. Bxc5 bxc5 27. Bxc6 Qxc6
28. Rxd8+ Rxd8 29. Rd1 Rd4 30. Rxd4 cxd4 31. Qf1 Qc5 32. h4 h5 33. Kc2 Kf8 34.
Kd3 Kg7 35. Qf2 Qc6 36. Qxd4 Qxf3+ 37. Qe3 Qf1+ 38. Kc3 Qd1 39. c5 Qd5 40. a3 a4
41. Kb4 Qc6 42. Qd3 Kh7 43. Qd6 Qe4+ 44. Kb5 Qxf4 45. c6 Qf1+ 46. Kb6 Qf2+ 47.
Qc5 Qxb2+ 48. Ka7 1-0